000 00286nam a22001337a 4500
008 181017b xxu||||| |||| 00| 0 eng d
020 _a9781933147444
041 _aeng
080 _a370
100 _a48
101 _aEDU
245 _aGreat Conversation
_cRussel.l
942 _2udc
_cBK
999 _c49966
_d49966